00618nam a22002177a 450000500170000001000280001702000260004502000230007103500130009403500140010703500170012103700130013808200080015110000160015924500440017526000380021927000490025730000360030649000460034252000120038820230113145301.0 aENG-107765, ENG-135998 a9781259064227c375.00 a1259064220c375.00 aEN-91298 aEN-119530 aB-527831-856 bDBAD/PUB a5121 aVinay Kumar10aComprehensive Algebra /cby Vinay Kumar aNew DelhibTata McGraw Hillc2013 aP-24 Green Park ExtensionbNew Delhie110016 aV.1(various pagings)c25cm(pbk) aMcGraw Hill Education winning edge series a13-14EN